| 000 | 00655 a2200229 4500 | ||
|---|---|---|---|
| 001 | 75442 | ||
| 005 | 20260204103337.0 | ||
| 010 | _a978-989-8831-86-6 | ||
| 021 |
_aPT _b403487/16 |
||
| 090 | _a75442 | ||
| 100 | _a20260204d2016 d||y0pory50 ba | ||
| 101 |
_cpor _epor |
||
| 102 | _aPT | ||
| 200 |
_aOs Cm͠ulos _fJos J̌orge Letria _gilust. Jos M̌iguel Ribeiro |
||
| 205 | _a2® ed. | ||
| 210 |
_aAmadora _cBooksmile _d2016 |
||
| 215 |
_a[33] p. _cil. |
||
| 606 | _aLiteratura infantil [Publicaė̳s infantis] | ||
| 675 |
_a821.134.3-7 _zpor |
||
| 700 | 1 |
_aLetria _bJos J̌orge _f1951- _4070 |
|
| 702 |
_aRibeiro _bJos M̌iguel _4440 _938948 |
||
| 942 |
_cMON _n0 |
||